Islam vs. Islamism : (Record no. 2772)

MARC details
000 -LEADER
fixed length control field 01289nac a22003011u 4500
010 ## - LIBRARY OF CONGRESS CONTROL NUMBER
LC control number 2006019253
020 ## - INTERNATIONAL STANDARD BOOK NUMBER
International Standard Book Number 0275990788 (alk. paper)
020 ## - INTERNATIONAL STANDARD BOOK NUMBER
International Standard Book Number 9780275990787 (alk. paper)
035 ## - SYSTEM CONTROL NUMBER
System control number (OCoLC)ocm70107078
035 ## - SYSTEM CONTROL NUMBER
System control number (OCoLC)70107078
082 00 - DEWEY DECIMAL CLASSIFICATION NUMBER
Classification number 297.2/72
Item number D3911
090 ## - LOCALLY ASSIGNED LC-TYPE CALL NUMBER (OCLC); LOCAL CALL NUMBER (OCLC)
-- 2772
-- 2772
100 ## - MAIN ENTRY--PERSONAL NAME
Personal name Demant, Peter R.,
245 10 - TITLE STATEMENT
Title Islam vs. Islamism :
Remainder of title the dilemma of the Muslim world /
Statement of responsibility, etc Peter R. Demant ; foreword by Asghar Ali Engineer.
246 3# - VARYING FORM OF TITLE
Title proper/short title Islam versus Islamism
260 ## - PUBLICATION, DISTRIBUTION, ETC. (IMPRINT)
Place of publication, distribution, etc Westport, Conn. :
Name of publisher, distributor, etc Praeger,2006
Date of publication, distribution, etc 2006.
300 ## - PHYSICAL DESCRIPTION
Extent xxviii, 279 p. :
Other physical details ill., maps ;
Dimensions 25 cm.
504 ## - BIBLIOGRAPHY, ETC. NOTE
Bibliography, etc Includes bibliographical references (p. [245]-252) and index.
650 #0 - SUBJECT ADDED ENTRY--TOPICAL TERM
Topical term or geographic name as entry element Islam
Chronological subdivision 21st century.
650 #0 - SUBJECT ADDED ENTRY--TOPICAL TERM
Topical term or geographic name as entry element Islamic renewal
Geographic subdivision Islamic countries.
650 #0 - SUBJECT ADDED ENTRY--TOPICAL TERM
Topical term or geographic name as entry element Islamic fundamentalism
Geographic subdivision Islamic countries.
650 #0 - SUBJECT ADDED ENTRY--TOPICAL TERM
Topical term or geographic name as entry element Islam and politics
Geographic subdivision Islamic countries.
650 #0 - SUBJECT ADDED ENTRY--TOPICAL TERM
Topical term or geographic name as entry element Religious awakening
General subdivision Islam.
651 #0 - SUBJECT ADDED ENTRY--GEOGRAPHIC NAME
Geographic name Islamic countries
General subdivision Politics and government.
856 41 - ELECTRONIC LOCATION AND ACCESS
Materials specified Table of contents only
Uniform Resource Identifier <a href="http://www.loc.gov/catdir/toc/ecip0615/2006019253.html">http://www.loc.gov/catdir/toc/ecip0615/2006019253.html</a>
942 ## - ADDED ENTRY ELEMENTS (KOHA)
Item type Book - Borrowing
Call number prefix 297.272D3911
Holdings
Withdrawn status Item status Source of classification or shelving scheme Damaged status Not for loan Home library Current library Shelving location Date acquired Source of acquisition Cost, normal purchase price Total Checkouts Total Renewals Full call number Barcode Checked out Date last seen Date last borrowed Cost, replacement price Koha item type
    Dewey Decimal Classification     Central Library Central Library Lower Floor 05/03/2007 Purchase 363.00 21 86 297.272 DEM 000001288 19/10/2025 25/09/2025 25/09/2025 453.75 Book - Borrowing